000 00577nam a2200205Ia 4500
003 OSt
005 20250425113915.0
008 220927b |||||||| |||| 00| 0 eng d
020 _a9781449486938
040 _aSDCL
_cSDCL
_beng
041 _2eng
_aeng
084 _aS5 Q8 LR
100 _aTsyaston, Andrew
_9393727
245 0 _aEmotions explained with buff dudes
260 _aMissouri :
_bAndrews McMeel Publishing,
_c2018.
300 _a111p.
650 _aReference
942 _cGB
_2CC
_n0
999 _c709303
_d709303